000 00836nam a2200277 a 4500
001 5387
003 BD-RjUL
005 20211208234047.0
008 790430r19191889enk b 001 0 eng d
035 _a(BD-RjUL)5423
035 _a(BD-RjUL)
040 _aD2035
_beng
_cD2035
_dAK
041 _aeng
082 0 4 _a335.1408
_bSHF 1962
100 1 _aShaw, Bernard,
_d1856-1950.
_912724
245 1 0 _aFabian essays /
_cby G. Bernard Shaw...[et al] ; with an introduction to the 1920 edition by Sidney Webb.
260 _aLondon :
_bGeorge allen & unwin ltd,
_cc1889[reprinted1962]
300 _a220p.
_c20 cm.
500 _aIndex.
504 _aIncludes bibliographical references.
520 _aincludes index
526 _bSociology
650 0 _aSocialism.
_916931
650 0 _aSocialism
_zGreat Britain.
_910731
942 _2ddc
_cBK
999 _c5387
_d5387